| 000 | 01677cam a2200277 4500 | ||
|---|---|---|---|
| 001 | L157623 | ||
| 008 | 050825n2009 000 0 eng u | ||
| 020 | _a9781847039590 | ||
| 035 | _a(Sirsi) u157623 | ||
| 041 | 0 | _aeng | |
| 050 | 0 | 4 | _a692.8 $2 18 |
| 110 | 2 |
_aJoint Contracts Tribunal _93664 |
|
| 240 | 0 | 0 | _aICSub/NAM |
| 245 | 0 | 0 |
_aICSub/NAM _bIntermediate Named Sub-Contract Tender and Agreement 2005, revision 2 2009 |
| 260 |
_aLondon _bSweet and Maxwell _c2009 |
||
| 300 |
_aii, 33p. _c30cm. |
||
| 350 | _a27.76 | ||
| 490 | 0 | _aJCT Intermediate Named Subcontract Tender and Agreement (2005 Edition), revision 2 2009 | |
| 505 | 2 | _aICsub/NAM/IT : Invitation to Tender -- ICSub/NAM/T : Tender by Sub-Contract -- ICSub/NAM/A : Sub-Contract Agreement | |
| 520 | _aAppropriate for use with the JCT Intermediate Form of Contract (2005 Edition) or JCT Intermediate Form of Contract With Contractor's Design (2005 Edition) where a named subcontractors is to carry out subcontract works. The contract can be used where the works are to be carried out in sectons and for subcontract works to be carried out on an adjusted sub-contract sum basis or by complete remeasurement. The form is not suitable unless the subcontractor is named under the main contract or for any subcontract work that forms a part of the contract's designed portion. | ||
| 650 | 2 | 4 | _aJCT INTERMEDIATE NAMED SUBCONTRACT TENDER AND AGREEMENT (2005 EDITION) |
| 650 | 2 | 4 | _aJCT INTERMEDIATE BUILDING CONTRACT (2005 EDITION) |
| 651 | 4 |
_aUnited Kingdom _y |
|
| 690 | _aBUILT ENVIRONMENT-BUILDING CONTRACT FORMS-STANDARD FORMS OF BUILDING CONTRACT-JOINT CONTRACTS TRIBUNAL CONTRACTS | ||
| 942 |
_n0 _2ddc |
||
| 999 |
_c114877 _d114877 |
||